000
00195 a2200085 4500
020
_a
9787562344292
100
_a
ARCHIWORLD
245
_a
SIGNAGE AND WAYFINDING SYSTEM DESIGN
260
_b
ARCHI
_c
2015
999
_c
13643
_d
13643